[Event "Memorial Edward Troutman"]
[Site "Rio de Janeiro | BRA"]
[Date "2016.10.25"]
[Round "1.1"]
[White "Pinon, Antonio Marcos"]
[Black "Frota, Alvaro"]
[Result "0-1"]
[WhiteElo "1833"]
[BlackElo "2146"]

1. d4 Nf6 2. c4 g6 3. Nc3 Bg7 4. e4 d6 5. f3 O-O 6. Be3 a6 7. a4 Nc6 8. Bd3 e5
9. Nge2 Ng4 10. fxg4 exd4 11. Nxd4 Nxd4 12. O-O Qh4 13. h3 Be5 14. Bf4 Be6 15.
Bxe5 dxe5 16. Nd5 Bxd5 17. cxd5 c6 18. dxc6 Nxc6 19. Qb3 Qe7 20. Bc4 Na5 21.
Bxf7+ Rxf7 22. Qd5 Nc6 23. Rf2 Rf8 24. Raf1 Kg7 25. Rf3 Rxf3 26. Rxf3 Rxf3 27.
gxf3 Qf7 28. Qd1 Nd4 29. Kg2 Qf4 30. a5 Qe3 31. Qa4 Qxf3+ 32. Kh2 Qf2+ 33. Kh1
Ne2 34. Qd7+ Qf7 {#R} 0-1

[Event "Memorial Edward Troutman"]
[Site "Rio de Janeiro | BRA"]
[Date "2016.10.25"]
[Round "1.2"]
[White "Soares, Estevao Luis"]
[Black "Tiomno, Luiz Sergio"]
[Result "1-0"]
[WhiteElo "2032"]
[BlackElo "1646"]

1. e4 e5 2. Nf3 d6 3. d4 exd4 4. Nxd4 Be7 5. Nc3 Nf6 6. Bc4 a6 7. a4 Bg4 8. f3
Bh5 9. Be3 Nbd7 10. Qd2 Bg6 11. O-O-O Ne5 12. Bb3 h6 13. Kb1 c6 14. Nf5 Bxf5
15. exf5 Qa5 16. Ne4 Qxd2 17. Nxf6+ Bxf6 18. Rxd2 d5 19. a5 O-O 20. Rf1 Bd8
21. Bd4 Bxa5 22. Re2 Nc4 23. Bxc4 dxc4 24. f6 g6 25. Bc5 Rfe8 26. Be7 Rac8 27.
Re4 b5 28. f4 Rc7 29. f5 g5 30. c3 Rd7 31. h4 Rd2 32. Rg4 Bd8 33. Re1 Bxe7 34.
hxg5 hxg5 35. Rxe7 Kf8 36. Rxe8+ Kxe8 37. Rxg5 Kf8 38. g4 Rh2 39. Rg7 c5 40.
g5 b4 41. g6 fxg6 42. fxg6 b3 43. Kc1 Rg2 44. Rf7+ Kg8 45. Rg7+ Kf8 46. Kd1
Rxb2 47. Rb7 Ke8 48. f7+ {#r} 1-0

[Event "Memorial Edward Troutman"]
[Site "Rio de Janeiro | BRA"]
[Date "2016.10.25"]
[Round "1.3"]
[White "Von Calmbach, Guilherme"]
[Black "Madeu, Fernando"]
[Result "0-1"]
[WhiteElo "1624"]
[BlackElo "2012"]

1. d4 d5 2. e3 Nf6 3. Bd3 Nc6 4. c3 e5 5. Nd2 Bd6 6. Ne2 O-O 7. O-O e4 8. Bc2
Bxh2+ 9. Kxh2 Ng4+ 10. Kg3 Qg5 11. f4 Qg6 12. Nf3 Nxe3+ 13. Kf2 Nxd1+ 14. Rxd1
e3+ 15. Bxe3 Qxc2 16. b3 Re8 17. Rd2 Qe4 18. Ne5 Nxe5 19. Ng3 Ng4+ 20. Ke1
Qxe3+ {#R} 0-1

[Event "Memorial Edward Troutman"]
[Site "Rio de Janeiro | BRA"]
[Date "2016.10.25"]
[Round "1.4"]
[White "Lima, Juarez"]
[Black "Luz da Costa, Carlos Henrique"]
[Result "1-0"]
[WhiteElo "1989"]
[BlackElo "1593"]

1. e4 e6 2. d4 d5 3. Bd3 c5 4. c3 Nf6 5. Nf3 cxd4 6. exd5 Qxd5 7. cxd4 Nc6 8.
O-O Be7 9. Nbd2 O-O 10. Nb3 b6 11. Re1 Bb7 12. Bg5 h6 13. Bh4 Rac8 14. a3 Nb8
15. Nbd2 Rc7 16. Rc1 Rfc8 17. Rxc7 Rxc7 18. Qb1 Qd8 19. Qd1 Nbd7 20. Nc4 ( 20.
Ne5 Nd5 21. Bg3 Rc8 22. Bb1 )20... Nd5 21. Bg3 Rc8 22. Bb1 Rxc4 23. Qd3 N7f6
24. Qxc4 Nh5 25. Ne5 Nxg3 26. hxg3 Bd6 27. Qd3 Nf6 28. f3 Qc7 29. Qd2 Qd8 30.
g4 Nh7 31. Nxf7 Kxf7 32. Bxh7 Qh4 33. Re5 Bxe5 34. dxe5 Bd5 35. Qc3 Qd8 36.
Qc2 Qe7 37. Bg6+ Kg8 38. Qc8+ Qf8 39. Bh7+ Kf7 40. Qc7+ Qe7 41. Qb8 Qc5+ 42.
Kh2 a6 43. Qg8+ Ke7 44. Qxg7+ Kd8 45. Qxh6 Kc7 46. Qd2 Qe7 47. Bd3 b5 48. Kg3
Qf8 49. a4 Bc6 50. Qa5+ Kb7 51. axb5 axb5 52. Bxb5 Qc5 53. Ba6+ {#r} 1-0

[Event "Memorial Edward Troutman"]
[Site "Rio de Janeiro | BRA"]
[Date "2016.10.25"]
[Round "1.5"]
[White "Faria, Daniel"]
[Black "Kemper, Andre"]
[Result "0-1"]
[WhiteElo "1556"]
[BlackElo "1988"]

1. e4 e5 2. f4 exf4 3. Nf3 c5 4. Bc4 Nc6 5. a4 Be7 6. O-O d6 7. c3 Ne5 8. Nxe5
dxe5 9. Qb3 Nh6 10. Bb5+ Bd7 11. Bxd7+ Qxd7 12. g3 fxg3 13. hxg3 O-O 14. d4
cxd4 15. Bxh6 gxh6 16. Rf5 dxc3 17. Rxe5 Qd4+ {#R} 0-1

[Event "Memorial Edward Troutman"]
[Site "Rio de Janeiro | BRA"]
[Date "2016.10.25"]
[Round "1.6"]
[White "Murilo, Sergio"]
[Black "da Luz, Luis Alberto"]
[Result "1-0"]
[WhiteElo "1928"]
[BlackElo "1537"]

1. d4 Nf6 2. Nf3 d5 3. g3 Bf5 4. Bg2 e6 5. O-O Nc6 6. a3 Be7 7. b4 a6 8. Bb2
O-O 9. Nbd2 h6 10. c4 Bh7 11. Rc1 Rb8 12. e3 Qe8 13. Qb3 Kh8 14. Rfe1 Qd7 15.
Qc3 Ne4 16. Qb3 Bf6 17. Red1 Ne7 18. Nxe4 Bxe4 19. Qc3 Qc8 20. Nd2 Bxg2 21.
Kxg2 c6 22. Qb3 Qc7 23. a4 e5 24. cxd5 Nxd5 25. Qxd5 exd4 26. e4 Rbd8 27. Qc4
Qd7 28. f4 Qg4 29. Nf3 g5 30. h3 Qd7 31. e5 Bg7 32. Rxd4 {#r} 1-0

[Event "Memorial Edward Troutman"]
[Site "Rio de Janeiro | BRA"]
[Date "2016.10.25"]
[Round "1.7"]
[White "Weibull, Oscar"]
[Black "Alves Rolim, Carlos"]
[Result "0-1"]
[WhiteElo "1521"]
[BlackElo "1925"]

1. d4 d5 2. c4 c6 3. Nc3 e6 4. Nf3 dxc4 5. a4 Bb4 6. Bd2 Nf6 7. Qc2 Nbd7 8. e4
Bxc3 9. bxc3 b5 10. Be2 Bb7 11. O-O a6 12. e5 Nd5 13. Bc1 N7b6 14. Bg5 f6 15.
exf6 gxf6 16. Bh6 Qe7 17. axb5 cxb5 18. Nd2 Rg8 19. Bh5+ Kd7 20. Ne4 Na4 21.
Rxa4 bxa4 22. Qxa4+ Bc6 23. Nc5+ Qxc5 24. Qc2 Qe7 25. g3 f5 26. Be2 Rg6 27.
Bc1 Nb6 28. Qb1 Rb8 29. Bxc4 Qd6 30. Bxa6 h5 31. h4 Qd5 32. f3 Rxg3+ 33. Kh2
Rxf3 34. c4 Qd6+ {#R} 0-1

[Event "Memorial Edward Troutman"]
[Site "Rio de Janeiro | BRA"]
[Date "2016.11.01"]
[Round "2.1"]
[White "Frota, Alvaro"]
[Black "Murilo, Sergio"]
[Result "0-1"]
[WhiteElo "2146"]
[BlackElo "1928"]

1. e4 e6 2. d4 d5 3. Nc3 Nf6 4. Bg5 dxe4 5. Nxe4 Nbd7 6. Nxf6+ Nxf6 7. Nf3 h6
8. Bh4 Be7 9. Bd3 c5 10. c3 cxd4 11. Nxd4 a6 12. O-O Qb6 13. Qe2 Bd7 14. Rfe1
O-O 15. Rad1 Bc6 16. Nxe6 Rfe8 17. Nd4 Bc5 18. Qd2 Bxd4 19. cxd4 Nd5 20. Bb1
Bb5 21. Re5 Bc6 22. Rde1 Qb4 23. Rxe8+ Rxe8 24. Rxe8+ Bxe8 25. Qxb4 Nxb4 26.
Be4 Bc6 27. Bxc6 Nxc6 28. d5 Ne5 29. f4 Nd7 30. Kf2 f6 31. Ke3 Kf7 32. Be1 f5
33. Bc3 g6 34. Be5 g5 35. Kd4 g4 36. b4 b5 37. h3 h5 38. hxg4 hxg4 39. d6 Ke6
40. g3 Nb6 41. Kc5 Nd5 42. Kc6 Nxb4+ 43. Kc7 Nd5+ 44. Kc6 Nb4+ 45. Kb6 Kd7 46.
Ka5 Nxa2 47. Kxa6 b4 48. Kb5 b3 49. Kc4 Nc1 50. Kc3 Ne2+ 51. Kxb3 Nxg3 52. Kc3
Ne4+ 53. Kd3 Nxd6 54. Ke2 Kc6 55. Kf2 Kd5 56. Kg3 Nc4 57. Bb8 Ke4 58. Kh4 Nd2
59. Kg3 Nf1+ 60. Kf2 Nh2 61. Bc7 Nf3 62. Bb8 Nd4 63. Bd6 Ne6 64. Kg3 Ke3 65.
Bb8 Nc5 66. Ba7 Kd4 67. Kf2 Kd5 68. Ke3 Ne4 69. Bb8 Ke6 70. Bc7 Nd6 71. Bd8
Nc4+ 72. Kd4 Nd2 73. Bc7 Nf3+ 74. Ke3 Kd5 75. Bb8 Kc4 76. Bc7 Kc3 77. Ba5+ Kc2
78. Bb4 Kd1 79. Ba5 Nh4 80. Kf2 Ng6 81. Bc7 Kd2 82. Bb8 Kd3 83. Bc7 Ke4 84.
Kg3 Ne7 85. Bd8 Nc6 86. Bc7 Nd4 87. Kf2 Ne6 {#R} 0-1

[Event "Memorial Edward Troutman"]
[Site "Rio de Janeiro | BRA"]
[Date "2016.11.01"]
[Round "2.2"]
[White "Kemper, Andre"]
[Black "Soares, Estevao Luis"]
[Result "1/2-1/2"]
[WhiteElo "1988"]
[BlackElo "2032"]

1. e4 d6 2. Nc3 g6 3. Bc4 Bg7 4. f4 Nf6 5. Nf3 c5 6. O-O Bg4 7. h3 Bxf3 8.
Qxf3 Nc6 9. Ne2 a6 10. a4 e6 11. c3 Qc7 12. Bb3 Qb6 13. Bc2 O-O-O 14. d3 d5
15. e5 Nd7 16. b4 cxb4+ 17. Be3 Qa5 18. cxb4 Nxb4 19. Rfc1 Kb8 20. Kh2 Rc8 21.
Bd2 Rc6 22. Nd4 Rc7 23. Rab1 Bf8 24. Nb3 Qb6 25. Be3 Nc5 26. Bd1 Be7 27. Be2
a5 28. Qf2 Rhc8 29. Nxc5 Bxc5 30. d4 Be7 31. Bb5 Rc2 32. Qe1 Qc7 33. Bd2 Qd8
34. Qe3 Rxc1 35. Rxc1 Rxc1 36. Bxc1 Qc7 37. Bd2 Nc2 38. Qd3 Bb4 39. g4 Na3 40.
Be8 Qe7 41. Bxb4 axb4 42. Bb5 Qc7 43. f5 Qc2+ 44. Qxc2 Nxc2 45. fxe6 fxe6 46.
Bd3 Nxd4 47. Kg3 Kc7 48. Kf4 Kd7 49. Kg5 Ke7 50. Kh6 Nf3 51. Kxh7 Nxe5 52. Bc2
d4 53. h4 d3 54. Bb3 Nxg4 55. Kxg6 Nf6 56. h5 Nxh5 57. Kxh5 Kf6 58. Kg4 Ke5
59. Kf3 Kd4 60. Bxe6 Kc3 61. Ke3 b3 62. Bf5 d2 63. Ke2 Kb4 64. Kxd2 Kxa4 65.
Kc1 Ka3 66. Kb1 b5 67. Bd7 b4 68. Bb5 b2 69. Bc4 b3 70. Bxb3 {#d} 1/2-1/2

[Event "Memorial Edward Troutman"]
[Site "Rio de Janeiro | BRA"]
[Date "2016.11.01"]
[Round "2.3"]
[White "Madeu, Fernando"]
[Black "de Oliveira Lima, Alexandre"]
[Result "1-0"]
[WhiteElo "2012"]
[BlackElo "1895"]

1. e4 c5 2. Nc3 e6 3. Nf3 Qc7 4. d4 cxd4 5. Nxd4 a6 6. Be3 b5 7. a3 Bb7 8. Bd3
Nc6 9. f4 Rc8 10. Qe2 Na5 11. O-O Nf6 12. Rad1 Nc4 13. Ndxb5 axb5 14. Nxb5
Nxe3 15. Nxc7+ Rxc7 16. b4 Nxf1 17. Kxf1 Be7 18. c4 g6 19. e5 Nh5 20. g3 O-O
21. Be4 Rb8 22. Bxb7 Rcxb7 23. Qe4 Ng7 24. g4 f5 25. exf6 Bxf6 26. c5 Kf7 27.
Rd6 Ne8 28. Rd3 Ng7 29. c6 dxc6 30. Qxc6 Be7 31. Rd7 Rxd7 32. Qxd7 Ne8 33. b5
Rd8 34. Qa7 Nd6 35. a4 Ne4 36. b6 Ke8 37. Qc7 Nc5 38. b7 {#r} 1-0

[Event "Memorial Edward Troutman"]
[Site "Rio de Janeiro | BRA"]
[Date "2016.11.01"]
[Round "2.4"]
[White "Alves Rolim, Carlos"]
[Black "Lima, Juarez"]
[Result "0-1"]
[WhiteElo "1925"]
[BlackElo "1989"]

1. d4 Nf6 2. c4 g6 3. Nc3 Bg7 4. e4 d6 5. f3 Nbd7 6. Be3 b6 7. Bd3 e5 8. d5
O-O 9. Nge2 h6 10. Qd2 Nc5 11. Bc2 Kh7 12. g4 Ng8 13. h4 Bd7 14. O-O-O a6 15.
Rdg1 f6 16. f4 b5 17. g5 h5 18. gxf6 Nxf6 19. fxe5 dxe5 20. Bxc5 Rf7 21. Qg5
Bh6 22. Be3 Bxg5 23. Bxg5 Qf8 24. Rf1 Ng4 25. Ng3 bxc4 26. Nd1 a5 27. Rxf7+
Qxf7 28. Rf1 Qg8 29. Nf2 Rf8 30. Nxg4 Rxf1+ 31. Nxf1 hxg4 32. Ne3 Qf7 33. Nxc4
Qf1+ 34. Kd2 Qxc4 {#R} 0-1

[Event "Memorial Edward Troutman"]
[Site "Rio de Janeiro | BRA"]
[Date "2016.11.01"]
[Round "2.5"]
[White "Rabello, David"]
[Black "Pinon, Antonio Marcos"]
[Result "0-1"]
[WhiteElo "1838"]
[BlackElo "1833"]

1. e4 g6 2. d4 Bg7 3. Nf3 d6 4. Bc4 e6 5. Nc3 a6 6. Bb3 b5 7. Bg5 Ne7 8. O-O
O-O 9. Qd2 Bb7 10. a3 Nd7 11. Rad1 c5 12. dxc5 Nxc5 13. Qxd6 Qxd6 14. Rxd6
Nxb3 15. Bxe7 Rfe8 16. Rd7 Bc8 17. Rc7 Nd4 18. Nxd4 Bxd4 19. Bg5 Be5 20. Re7
Kf8 21. Bh6+ Kxe7 {#R} 0-1

[Event "Memorial Edward Troutman"]
[Site "Rio de Janeiro | BRA"]
[Date "2016.11.01"]
[Round "2.6"]
[White "Ramos Simoes, Leo"]
[Black "Weibull, Oscar"]
[Result "1-0"]
[WhiteElo "2016"]
[BlackElo "1521"]

1. d4 Nf6 2. c4 d5 3. cxd5 Nxd5 4. e4 Nb6 5. Nf3 e6 6. Be2 Nc6 7. O-O Be7 8.
Nc3 O-O 9. Be3 f5 10. exf5 exf5 11. d5 f4 12. Bxb6 cxb6 13. dxc6 Qc7 14. Nd5
Qd6 15. Re1 Kh8 16. Nxe7 Qxe7 17. Bd3 Qf6 18. c7 Qxb2 19. Ng5 Bd7 20. Qh5 h6
21. Qg6 {#r} 1-0

[Event "Memorial Edward Troutman"]
[Site "Rio de Janeiro | BRA"]
[Date "2016.10.27"]
[Round "2.9"]
[White "Tiomno, Luiz Sergio"]
[Black "Von Calmbach, Guilherme"]
[Result "1-0"]
[WhiteElo "1646"]
[BlackElo "1624"]

1. e4 d5 2. e5 c5 3. d3 g6 4. Bf4 Bg7 5. Nc3 Nc6 6. Qe2 d4 7. Nb1 Qb6 8. b3
Bf5 9. Bg3 Qb4+ 10. Nd2 h5 11. f4 Qc3 12. Rc1 Nb4 13. Kd1 Nxa2 14. Rb1 Nb4 15.
Rc1 Nd5 16. Nb1 Qa5 17. Be1 Qb6 18. Bd2 Nh6 19. h3 f6 20. Nf3 Nf7 21. exf6
Bxf6 22. g3 O-O-O 23. Bg2 Rde8 24. Na3 g5 25. Nxg5 Nxg5 26. fxg5 Bxg5 27. Bxd5
Bxd2 28. Qxd2 Qd6 29. Qg2 Qb6 30. Nc4 Qb4 31. Ra1 Kb8 32. Re1 {#r} 1-0

[Event "Memorial Edward Troutman"]
[Site "Rio de Janeiro | BRA"]
[Date "2016.11.01"]
[Round "2.10"]
[White "da Luz, Luis Alberto"]
[Black "Saldanha, Adriano"]
[Result "1/2-1/2"]
[WhiteElo "1537"]
[BlackElo "1631"]

1. e4 e5 2. Nf3 Nc6 3. Bb5 Nf6 4. d3 Bc5 5. O-O d6 6. c3 Bg4 7. Nbd2 O-O 8.
Qc2 Ne7 9. a4 a6 10. Bc4 Ng6 11. d4 Ba7 12. b4 Qd7 13. Re1 Be6 14. Bf1 Ne8 15.
Bb2 f5 16. d5 Bf7 17. c4 f4 18. Nb3 Rc8 19. c5 Nf6 20. Na5 Qg4 21. Be2 Nh4 22.
Nxh4 Qxh4 23. Ra3 Bg6 24. Rh3 Qg5 25. Bf3 Nxd5 26. Qd2 Nf6 27. Rg3 Qh6 28. Rh3
$155 {#d} 1/2-1/2

[Event "Memorial Edward Troutman"]
[Site "Rio de Janeiro | BRA"]
[Date "2016.11.08"]
[Round "3.1"]
[White "Lima, Juarez"]
[Black "Madeu, Fernando"]
[Result "1-0"]
[WhiteElo "1989"]
[BlackElo "2012"]

1. e4 e5 2. Nf3 Nc6 3. Nc3 Bb4 4. Bc4 Nf6 5. O-O d6 6. d4 exd4 7. Nxd4 O-O 8.
Nxc6 bxc6 9. Bg5 Bxc3 10. bxc3 h6 11. Bh4 g5 12. Bg3 Nxe4 13. f4 Nxg3 14. hxg3
d5 15. Bd3 f5 16. Qh5 Kg7 17. Rae1 Bd7 18. Re5 Qf6 19. Rfe1 Rf7 20. c4 g4 21.
cxd5 cxd5 22. Rxd5 Re8 23. Rxe8 Bxe8 24. Rxf5 Qb6+ 25. Kh2 Rf6 26. Qxe8 {#r}
1-0

[Event "Memorial Edward Troutman"]
[Site "Rio de Janeiro | BRA"]
[Date "2016.11.08"]
[Round "3.2"]
[White "Murilo, Sergio"]
[Black "Kemper, Andre"]
[Result "1-0"]
[WhiteElo "1928"]
[BlackElo "1988"]

1. e4 e5 2. Nf3 Nc6 3. Bc4 Bc5 4. b4 Bxb4 5. c3 Be7 6. d4 exd4 7. Qb3 Na5 8.
Bxf7+ Kf8 9. Qa4 Nc6 10. Bxg8 Rxg8 11. cxd4 Bb4+ 12. Bd2 Bxd2+ 13. Nbxd2 d6
14. O-O Bd7 15. Qb3 Na5 16. Qd5 c6 17. Qxd6+ Qe7 18. Qc7 Qd8 19. Qe5 h6 20.
Qc5+ Ke8 21. Qh5+ g6 22. Qxh6 Qf6 23. Ne5 Be6 24. Ndf3 Rd8 25. Qd2 Nc4 26.
Nxc4 Bxc4 27. Rfe1 g5 28. Qc3 Be6 29. Qc5 g4 30. Ne5 Rf8 31. Re2 a6 32. Rf1
Bc8 33. f4 Rh8 34. g3 Rd6 35. d5 Bd7 36. Nc4 {#r} 1-0

[Event "Memorial Edward Troutman"]
[Site "Rio de Janeiro | BRA"]
[Date "2016.11.08"]
[Round "3.3"]
[White "Soares, Estevao Luis"]
[Black "Frota, Alvaro"]
[Result "1-0"]
[WhiteElo "2032"]
[BlackElo "2146"]

1. e4 e5 2. Nf3 Nc6 3. Bc4 Nf6 4. d3 Be7 5. O-O O-O 6. a4 d5 7. exd5 Nxd5 8.
Re1 Bg4 9. h3 Bh5 10. g4 Bg6 11. Nxe5 Nxe5 12. Rxe5 Nb6 13. Bb3 Bd6 14. Bg5
Qd7 15. Re1 Rae8 16. Rxe8 Rxe8 17. Nc3 Kh8 18. a5 Nc8 19. Qf3 f5 20. Qxb7 Bc5
21. Qd5 Qxd5 22. Bxd5 Nd6 23. Bc6 Rb8 24. Na4 Bb4 25. a6 fxg4 26. hxg4 Nc8 27.
Be3 Nb6 28. Nc5 Be8 29. Be4 Rd8 30. Ne6 Rd7 31. Kg2 Re7 32. Nd4 Bc5 33. Rh1 g6
34. Bg5 Rxe4 35. Bf6+ Kg8 36. dxe4 Nd7 37. Nb3 Bxf2 38. Bd4 Bxd4 39. Nxd4 Nc5
40. Kf3 Nxe4 41. Kxe4 c5 42. Rf1 cxd4 43. Kxd4 Kg7 44. c4 {#r} 1-0

[Event "Memorial Edward Troutman"]
[Site "Rio de Janeiro | BRA"]
[Date "2016.11.08"]
[Round "3.4"]
[White "Pereira, Emmanuel"]
[Black "Ramos Simoes, Leo"]
[Result "0-1"]
[WhiteElo "1684"]
[BlackElo "2016"]

1. c4 e5 2. Nc3 Nf6 3. Nf3 Nc6 4. g3 Bc5 5. Bg2 e4 6. Ng5 Bxf2+ 7. Kf1 e3 8.
d4 d5 9. cxd5 Nxd5 10. Nxd5 Qxg5 11. Nxc7+ Kd8 12. Nd5 Qf5 13. Bf3 Re8 14. Qb3
Qxf3 15. exf3 Bh3+ 16. Ke2 Nxd4+ 17. Kd3 Nxb3 18. axb3 e2 19. Bd2 Bf5+ 20. Kc3
Rc8+ 21. Kb4 Bc5+ {#R} 0-1

[Event "Memorial Edward Troutman"]
[Site "Rio de Janeiro | BRA"]
[Date "2016.11.08"]
[Round "3.5"]
[White "Faria, Daniel"]
[Black "Alves Rolim, Carlos"]
[Result "1-0"]
[WhiteElo "1556"]
[BlackElo "1925"]

1. e4 c5 2. Nf3 e6 3. d4 cxd4 4. Nxd4 Nf6 5. Nc3 Bb4 6. Qf3 d5 7. Bb5+ Bd7 8.
e5 Ne4 9. O-O Nxc3 10. bxc3 Be7 11. Qg3 g6 12. Bh6 Nc6 13. a4 Qc7 14. Bg7 Rg8
15. Bf6 Bxf6 16. exf6 Qxg3 17. fxg3 Rc8 18. Nxc6 Bxc6 19. Rf4 Kd7 20. Rh4 Rh8
21. Bd3 e5 22. c4 Ke6 23. Rf1 Bxa4 24. cxd5+ Kd6 25. Rxa4 a6 26. Bc4 Rhe8 27.
Rb1 Rc7 28. Rb6+ Kc5 29. Rab4 a5 30. Rxb7 Rxb7 31. Rxb7 Kxc4 32. d6 Rd8 33.
Rxf7 Rxd6 34. Rc7+ Kd4 { Anotacao restante incompreensivel.} {#r} 1-0

[Event "Memorial Edward Troutman"]
[Site "Rio de Janeiro | BRA"]
[Date "2016.11.08"]
[Round "3.6"]
[White "de Oliveira Lima, Alexandre"]
[Black "Tiomno, Luiz Sergio"]
[Result "1-0"]
[WhiteElo "1895"]
[BlackElo "1646"]

1. d4 d5 2. Nf3 e6 3. c4 dxc4 4. Qa4+ Bd7 5. Qxc4 Be7 6. g3 Nc6 7. Bg2 Nf6 8.
O-O O-O 9. Nc3 a6 10. Ne5 Qe8 11. Nxd7 Qxd7 12. Rd1 Rab8 13. Bf4 Na5 14. Qxc7
Nc6 15. Qxd7 Nxd7 16. Bxb8 Rxb8 17. d5 exd5 18. Nxd5 Nf6 19. Nxe7+ Nxe7 20.
Rac1 h6 21. Rc7 Nc6 22. b3 Ne8 23. Rcd7 Nf6 24. R7d6 Ne8 25. R6d2 Nf6 26. Bxc6
bxc6 27. Rd8+ Rxd8 28. Rxd8+ Kh7 29. Rd6 Nd5 30. Rxc6 Nb4 31. Rb6 Nxa2 32.
Rxa6 Nc3 33. e3 g6 34. b4 Kg7 35. Rc6 Nb5 36. Rc5 Nd6 37. b5 Kf8 38. b6 Ke8
39. Kg2 Kd8 40. Rd5 Ke7 41. e4 f6 42. f3 Kd7 43. b7 {#r} 1-0

[Event "Memorial Edward Troutman"]
[Site "Rio de Janeiro | BRA"]
[Date "2016.11.08"]
[Round "3.10"]
[White "Von Calmbach, Guilherme"]
[Black "da Luz, Luis Alberto"]
[Result "1/2-1/2"]
[WhiteElo "1624"]
[BlackElo "1537"]

1. d4 Nf6 2. c3 c6 3. e3 d5 4. Bd3 Qc7 5. f4 Bg4 6. Qc2 Bc8 7. Nf3 Nbd7 8. b4
a5 9. Ba3 b6 10. O-O c5 11. h3 c4 12. Be2 Ne4 13. Kh2 e6 14. Nbd2 Ndf6 15. Ne5
Nxd2 16. Qxd2 Ne4 17. Qe1 Be7 18. Rc1 axb4 19. Bxb4 Bxb4 20. cxb4 Rxa2 21. Bd3
Ba6 22. Ra1 cxd3 23. Rxa2 d2 24. Qh4 Qc8 25. Rfa1 Bb7 26. b5 O-O 27. Nc6 Bxc6
28. bxc6 Qxc6 29. Rd1 h6 30. g4 Ra8 31. Raxd2 Nxd2 32. Rxd2 Qc3 33. Qf2 Ra3
34. Re2 b5 35. f5 Qc7+ 36. Kg2 b4 37. fxe6 fxe6 38. Qf4 Qxf4 39. exf4 Kf7 40.
Rb2 b3 41. Kf3 Ke7 42. Ke3 Kf6 43. Kd3 g5 44. f5 exf5 45. Kc3 f4 46. Kb4 Ra8
47. Kc3 Rc8+ 48. Kd3 f3 49. Rxb3 Re8 50. Rb6+ Kg7 51. Rb2 Ra8 52. Ke3 Ra3+ 53.
Kf2 Rd3 54. Rb4 Kf7 {#d} 1/2-1/2

[Event "Memorial Edward Troutman"]
[Site "Rio de Janeiro | BRA"]
[Date "2016.11.16"]
[Round "4.1"]
[White "Murilo, Sergio"]
[Black "Lima, Juarez"]
[Result "0-1"]
[WhiteElo "1928"]
[BlackElo "1989"]

1. d4 d5 2. f4 Nf6 3. e3 Nc6 4. Nf3 Bf5 5. a3 e6 6. c4 Bd6 7. c5 Be7 8. Qb3
Rb8 9. Bb5 O-O 10. Qa4 Be4 11. Nc3 Bxf3 12. gxf3 Nh5 13. Rg1 Bh4+ 14. Ke2 Qd7
15. Rg4 Bf6 16. b4 Ra8 17. Bd2 Kh8 18. Rag1 g6 19. Bxc6 bxc6 20. Qa6 Rfb8 21.
Be1 Bg7 22. Bh4 f6 23. Kd2 e5 24. fxe5 fxe5 25. Ne2 Re8 26. Bf2 Qf7 27. f4
exd4 28. exd4 Re7 29. f5 Qxf5 30. Bh4 Re6 31. Qd3 Qf7 32. Bg5 Rae8 33. R1g2
Nf6 34. Bxf6 Qxf6 35. h4 Qf1 36. Nf4 Qe1+ 37. Kc2 Re3 38. Qd2 Qa1 39. Re2 Qa2+
40. Kc1 Qxa3+ 41. Kd1 Qa1+ 42. Kc2 Bxd4 43. Rxe3 Qb2+ 44. Kd1 Qb1+ 45. Qc1
Qxc1+ 46. Kxc1 Bxe3+ 47. Kc2 Re4 48. Nxg6+ hxg6 49. Rxg6 Rxb4 50. Rxc6 Rc4+
51. Kd3 Rxc5 52. Re6 d4 53. Ra6 Rc3+ 54. Ke4 Bf2 55. Rxa7 d3 56. Ra8+ Kg7 57.
Kf3 d2+ 58. Ke2 Be1 59. h5 Rc5 60. Rd8 Re5+ 61. Kd1 Re7 62. Rd5 Kf8 63. Rd8+
Kf7 64. Rd5 Ke6 65. Rg5 Kd6 66. Rg6+ Kd5 67. h6 Rh7 { Anotacao confusa.
Impossivel reproduzir.} {#R} 0-1

[Event "Memorial Edward Troutman"]
[Site "Rio de Janeiro | BRA"]
[Date "2016.11.14"]
[Round "4.2"]
[White "Ramos Simoes, Leo"]
[Black "Soares, Estevao Luis"]
[Result "0-1"]
[WhiteElo "2016"]
[BlackElo "2032"]

1. d4 Nf6 2. c4 g6 3. Nc3 Bg7 4. e4 d6 5. Be2 O-O 6. Be3 e5 7. d5 c6 8. Qd2
cxd5 9. cxd5 a6 10. Nf3 Nh5 11. Ng5 Nf4 12. Bxf4 exf4 13. h4 Bh6 14. O-O-O b5
15. Bf3 Qf6 16. e5 Qxe5 17. Rhe1 Qf6 18. Nce4 Qd8 19. Qb4 Qc7+ 20. Kb1 Bf5 21.
Ka1 Bxg5 22. Nxd6 Be7 23. Rxe7 Qxe7 24. Re1 Qf6 25. Ne8 Qd8 26. d6 Rxe8 27.
Rxe8+ Qxe8 28. Bxa8 Qe2 29. a4 Qd1+ 30. Ka2 Qb1+ 31. Ka3 Be6 32. Qa5 {#R} 0-1

[Event "Memorial Edward Troutman"]
[Site "Rio de Janeiro | BRA"]
[Date "2016.11.17"]
[Round "4.3"]
[White "Madeu, Fernando"]
[Black "Faria, Daniel"]
[Result "1-0"]
[WhiteElo "2012"]
[BlackElo "1556"]

1. e4 e5 2. Nf3 d6 3. d4 exd4 4. Qxd4 f5 5. Nc3 fxe4 6. Nxe4 h6 7. Be3 Bg4 8.
Nxd6+ Qxd6 9. Qxg4 Nf6 10. Qg6+ Ke7 11. Rd1 Qb4+ 12. Nd2 Nbd7 13. Bc4 Ne5 14.
Qf5 Nxc4 15. Bc5+ Qxc5 16. Qxc5+ Nd6 17. Qxc7+ Ke6 18. O-O Rc8 19. Rfe1+ Kf5
20. Qa5+ Kg6 21. Nf3 Rxc2 22. Ne5+ Kh7 23. Rxd6 Bxd6 24. Nf7 Bc5 25. Nxh8
Bxf2+ 26. Kf1 Kxh8 27. Qd8+ Ng8 28. Re8 Rxb2 29. Rxg8+ Kh7 30. Qe8 Rb1+ 31.
Kxf2 {#r} 1-0

[Event "Memorial Edward Troutman"]
[Site "Rio de Janeiro | BRA"]
[Date "2016.11.16"]
[Round "4.4"]
[White "Rabello, David"]
[Black "de Oliveira Lima, Alexandre"]
[Result "1/2-1/2"]
[WhiteElo "1838"]
[BlackElo "1895"]

1. e4 c5 2. Nf3 e6 3. d3 Nc6 4. g3 Qc7 5. Bg2 b5 6. O-O h5 7. Re1 d6 8. Nc3 a6
9. d4 cxd4 10. Nxd4 Bb7 11. Nxc6 Bxc6 12. Nd5 Qb7 13. Qd4 h4 14. Bd2 hxg3 15.
fxg3 e5 16. Qd3 Ne7 17. Nb4 Rd8 18. Nxc6 Nxc6 19. Qd5 Be7 20. Rac1 Qc7 21. c4
b4 22. Rf1 Bf6 23. Rf2 a5 24. c5 dxc5 25. Qxc5 Rd6 26. Bf1 O-O 27. Bb5 Rc8 28.
Qc4 Qb6 29. Kg2 Ne7 30. Qf1 Rxc1 31. Bxc1 Nc6 32. Qc4 Nd4 33. Ba4 Qb7 34. Qd3
Qc7 35. Be3 Nf5 36. Qe2 Nxe3+ 37. Qxe3 Rd4 38. Bb3 Qd7 {#d} 1/2-1/2

[Event "Memorial Edward Troutman"]
[Site "Rio de Janeiro | BRA"]
[Date "2016.11.16"]
[Round "4.5"]
[White "Kemper, Andre"]
[Black "Pinon, Antonio Marcos"]
[Result "0-1"]
[WhiteElo "1988"]
[BlackElo "1833"]

1. d4 d5 2. Bf4 Nf6 3. h3 e6 4. Nf3 c5 5. c3 Nc6 6. e3 Qb6 7. Qb3 c4 8. Qxb6
axb6 9. Nbd2 b5 10. Be2 b4 11. O-O b5 12. Ne5 Nxe5 13. dxe5 Nd7 14. Nf3 bxc3
15. bxc3 b4 16. cxb4 Bxb4 17. a4 O-O 18. Rfb1 Be7 19. Nd4 Ba6 20. Nc6 Bc5 21.
Nd4 Be7 22. Nb5 Bxb5 23. axb5 c3 24. Bd3 f6 25. exf6 Bxf6 26. Rxa8 Rxa8 27.
Bd6 Nb6 28. Bc7 Bd8 29. Be5 Rc8 30. Rc1 Bf6 31. Bd4 Bxd4 32. exd4 Kf7 33. f4
g6 34. g4 Kf6 35. Kf2 h6 36. Ke3 g5 37. f5 e5 38. dxe5+ Kxe5 39. Bc2 Nc4+ 40.
Kd3 Nb2+ 41. Ke2 d4 42. Bd3 Ra8 43. Rf1 Kf6 44. Rf3 Re8+ 45. Kf1 Nxd3 46. Rxd3
c2 {#R} 0-1